| 000 | 00971nam a22002657a 4500 | ||
|---|---|---|---|
| 005 | 20170810115505.0 | ||
| 010 | _aBAC-EN21 ENG-111989 | ||
| 020 |
_a9789351361725 _c250.00 |
||
| 020 |
_a9789351361725 _c299.00 (AV) |
||
| 035 | _aEN-95521 | ||
| 035 | _aB-666145 | ||
| 037 |
_bPragati/Ven _adpl |
||
| 037 | _bDBAD/PUB | ||
| 082 | _a921 | ||
| 100 | _aAbdul Kalam, A.P.J. | ||
| 245 |
_aA manifesto for change / _cby A.P.J.Abdul Kalam [and] V.Ponraj |
||
| 260 |
_aNoida _bHarper Collins Publishers _c2014 |
||
| 270 |
_aA-75, Sector 57 _bNoida _e201301 |
||
| 300 |
_aviii,254p. : _c21cm(pbk) _bill. |
||
| 500 | _aIncludes bibliographical references | ||
| 700 | _aPonraj, V. | ||
| 942 |
_2ddc _cEN _mKAL _h921 |
||
| 999 |
_c89644 _d89644 |
||